[Event "Королевский Гамбит. Южный Федеральный округ."]
[Date "2025-11-21"]
[Round "3.11"]
[Board "11"]
[White "Губарев Матвей"]
[WhiteElo "990"]
[Black "Другов Андрей"]
[BlackElo "990"]
[WebSite "https://www.chessopen.ru"]
[GameId "24dcdbc6-0861-4f1c-8b06-92b2af83a4ac"]
[Result "0-1"]

1. e4 { [%clk 0:09:58] } e6 { [%clk 0:09:46] } 2. d4 { [%clk 0:09:55] } d5 {
[%clk 0:09:45] } 3. Nc3 { [%clk 0:09:52] } Bb4 { [%clk 0:09:42] } 4. Bd3 {
[%clk 0:09:51] } c5 { [%clk 0:09:37] } 5. dxc5 { [%clk 0:09:42] } dxe4 { [%clk
0:09:32] } 6. Bxe4 { [%clk 0:09:41] } Qxd1+ { [%clk 0:09:26] } 7. Kxd1 { [%clk
0:09:40] } Nf6 { [%clk 0:09:21] } 8. Be3 { [%clk 0:09:39] } Bxc3 { [%clk
0:09:15] } 9. bxc3 { [%clk 0:09:40] } Nxe4 { [%clk 0:09:11] } 10. f3 { [%clk
0:09:36] } Nxc3+ { [%clk 0:09:07] } 11. Kd2 { [%clk 0:09:34] } Nd5 { [%clk
0:08:59] } 12. Ne2 { [%clk 0:09:31] } O-O { [%clk 0:08:53] } 13. Rhd1 { [%clk
0:09:33] } e5 { [%clk 0:08:46] } 14. c4 { [%clk 0:09:24] } Nxe3 { [%clk
0:08:41] } 15. Kxe3 { [%clk 0:09:26] } Na6 { [%clk 0:08:30] } 16. Rd5 { [%clk
0:09:01] } Re8 { [%clk 0:08:24] } 17. f4 { [%clk 0:08:59] } Be6 { [%clk
0:08:20] } 18. Ke4 { [%clk 0:08:55] } Bxd5+ { [%clk 0:08:16] } 19. Kxd5 { [%clk
0:08:55] } f5 { [%clk 0:08:13] } 20. fxe5 { [%clk 0:08:56] } Rad8# { [%clk
0:08:08] } 0-1

[Event "Королевский Гамбит. Южный Федеральный округ."]
[Date "2025-11-21"]
[Round "3.11"]
[Board "11"]
[White "Переверзева Мария"]
[WhiteElo "1010"]
[Black "Алексей Ахатов"]
[BlackElo "981"]
[WebSite "https://www.chessopen.ru"]
[GameId "f2c7699f-ba23-4b11-9d1e-ecd7c71e6b74"]
[Result "1-0"]

1. e4 { [%clk 0:09:53] } e5 { [%clk 0:09:58] } 2. Nf3 { [%clk 0:09:52] } Nc6 {
[%clk 0:09:56] } 3. Bc4 { [%clk 0:09:29] } Nf6 { [%clk 0:09:41] } 4. O-O {
[%clk 0:09:25] } Bc5 { [%clk 0:09:26] } 5. Nc3 { [%clk 0:09:02] } a5 { [%clk
0:09:17] } 6. Ng5 { [%clk 0:08:27] } Qe7 { [%clk 0:08:58] } 7. Bxf7+ { [%clk
0:07:58] } Kf8 { [%clk 0:08:45] } 8. Bh5 { [%clk 0:07:22] } g6 { [%clk 0:08:41]
} 9. Be2 { [%clk 0:06:58] } h6 { [%clk 0:08:30] } 10. Nf3 { [%clk 0:06:35] } a4
{ [%clk 0:08:21] } 11. Bc4 { [%clk 0:06:17] } Ra5 { [%clk 0:07:32] } 12. Nd5 {
[%clk 0:06:08] } Qd6 { [%clk 0:07:12] } 13. Nxf6 { [%clk 0:05:06] } b5 { [%clk
0:07:04] } 14. Ng4 { [%clk 0:04:03] } bxc4 { [%clk 0:07:03] } 15. d3 { [%clk
0:03:59] } c3 { [%clk 0:06:41] } 16. bxc3 { [%clk 0:03:56] } Ba6 { [%clk
0:06:37] } 17. Nxh6 { [%clk 0:03:50] } a3 { [%clk 0:06:13] } 18. d4 { [%clk
0:03:47] } exd4 { [%clk 0:06:09] } 19. cxd4 { [%clk 0:03:42] } Nxd4 { [%clk
0:06:00] } 20. Nxd4 { [%clk 0:03:19] } Bxd4 { [%clk 0:06:01] } 21. Qf3+ { [%clk
0:03:16] } Bf6 { [%clk 0:05:55] } 22. Ng4 { [%clk 0:02:43] } Kg7 { [%clk
0:05:47] } 23. e5 { [%clk 0:01:55] } Rxe5 { [%clk 0:05:47] } 24. Nxe5 { [%clk
0:01:51] } Qxe5 { [%clk 0:05:47] } 25. Bf4 { [%clk 0:01:48] } Qe6 { [%clk
0:05:15] } 26. Rfe1 { [%clk 0:01:41] } Qf7 { [%clk 0:05:02] } 27. Be5 { [%clk
0:01:21] } Bxe5 { [%clk 0:04:59] } 28. Qxf7+ { [%clk 0:01:20] } Kxf7 { [%clk
0:05:00] } 29. Rxe5 { [%clk 0:01:19] } Kf6 { [%clk 0:04:59] } 30. Rae1 { [%clk
0:01:14] } d6 { [%clk 0:04:55] } 31. Ra5 { [%clk 0:01:03] } Bc4 { [%clk
0:04:50] } 32. Rxa3 { [%clk 0:00:59] } c5 { [%clk 0:04:36] } 33. Rf3+ { [%clk
0:00:57] } Kg7 { [%clk 0:04:28] } 34. Re7+ { [%clk 0:00:53] } Kh6 { [%clk
0:04:20] } 35. Rh3+ { [%clk 0:00:53] } Kg5 { [%clk 0:04:16] } 36. Rxh8 { [%clk
0:00:53] } d5 { [%clk 0:04:04] } 37. Rc8 { [%clk 0:00:49] } Kf6 { [%clk
0:03:58] } 38. Ra7 { [%clk 0:00:40] } Ke5 { [%clk 0:03:53] } 39. Rxc5 { [%clk
0:00:40] } Kd4 { [%clk 0:03:53] } 40. Rxc4+ { [%clk 0:00:36] } Kxc4 { [%clk
0:03:54] } 41. Rb7 { [%clk 0:00:33] } d4 { [%clk 0:03:49] } 42. a4 { [%clk
0:00:33] } Kc3 { [%clk 0:03:47] } 43. a5 { [%clk 0:00:32] } Kxc2 { [%clk
0:03:48] } 44. a6 { [%clk 0:00:33] } d3 { [%clk 0:03:49] } 45. Rd7 { [%clk
0:00:32] } d2 { [%clk 0:03:38] } 46. a7 { [%clk 0:00:33] } d1=Q+ { [%clk
0:03:35] } 47. Rxd1 { [%clk 0:00:33] } Kxd1 { [%clk 0:03:37] } 48. a8=Q { [%clk
0:00:33] } g5 { [%clk 0:03:35] } 49. Qa2 { [%clk 0:00:26] } Kc1 { [%clk
0:03:31] } 50. Kf1 { [%clk 0:00:26] } Kd1 { [%clk 0:03:28] } 51. Qe2+ { [%clk
0:00:26] } Kc1 { [%clk 0:03:27] } 52. Ke1 { [%clk 0:00:25] } Kb1 { [%clk
0:03:27] } 53. Qd2 { [%clk 0:00:26] } Ka1 { [%clk 0:03:26] } 54. Ke2 { [%clk
0:00:27] } Kb1 { [%clk 0:03:26] } 55. Kd3 { [%clk 0:00:28] } Ka1 { [%clk
0:03:27] } 56. Kc3 { [%clk 0:00:30] } Kb1 { [%clk 0:03:28] } 57. Qb2# { [%clk
0:00:32] } 1-0

[Event "Королевский Гамбит. Южный Федеральный округ."]
[Date "2025-11-21"]
[Round "3.11"]
[Board "11"]
[White "Скрылев Кирилл"]
[WhiteElo "990"]
[Black "Асламазян Эдмон"]
[BlackElo "1010"]
[WebSite "https://www.chessopen.ru"]
[GameId "ad100ea1-68bb-4caf-9c3d-257e99121de1"]
[Result "0-1"]

1. e4 { [%clk 0:10:00] } e6 { [%clk 0:09:55] } 2. Nf3 { [%clk 0:10:01] } d5 {
[%clk 0:09:52] } 3. d3 { [%clk 0:09:49] } dxe4 { [%clk 0:09:47] } 4. dxe4 {
[%clk 0:09:42] } Qxd1+ { [%clk 0:09:45] } 5. Kxd1 { [%clk 0:09:43] } Bc5 {
[%clk 0:09:38] } 6. Ke2 { [%clk 0:09:29] } Nf6 { [%clk 0:09:36] } 7. Nc3 {
[%clk 0:09:28] } a6 { [%clk 0:09:32] } 8. Be3 { [%clk 0:09:22] } Be7 { [%clk
0:09:25] } 9. Rd1 { [%clk 0:09:18] } b5 { [%clk 0:09:21] } 10. a3 { [%clk
0:08:55] } Bb7 { [%clk 0:09:17] } 11. Bg5 { [%clk 0:07:49] } h6 { [%clk
0:09:10] } 12. Bxf6 { [%clk 0:07:49] } Bxf6 { [%clk 0:09:07] } 13. e5 { [%clk
0:07:18] } Be7 { [%clk 0:09:01] } 14. Ke1 { [%clk 0:06:59] } Nd7 { [%clk
0:08:54] } 15. Be2 { [%clk 0:06:36] } g5 { [%clk 0:08:47] } 16. h3 { [%clk
0:06:31] } O-O-O { [%clk 0:08:36] } 17. Rd3 { [%clk 0:06:16] } h5 { [%clk
0:08:32] } 18. Kd1 { [%clk 0:06:05] } c5 { [%clk 0:08:29] } 19. Kc1 { [%clk
0:04:32] } g4 { [%clk 0:08:25] } 20. Nd2 { [%clk 0:03:41] } Nxe5 { [%clk
0:08:20] } 21. Rxd8+ { [%clk 0:03:38] } Rxd8 { [%clk 0:08:16] } 22. hxg4 {
[%clk 0:03:37] } Bg5 { [%clk 0:08:10] } 23. Ne4 { [%clk 0:03:26] } Bxe4 { [%clk
0:08:01] } 24. gxh5 { [%clk 0:03:05] } Rxd2 { [%clk 0:07:50] } 25. h6 { [%clk
0:02:00] } Bxc2 { [%clk 0:07:45] } 26. h7 { [%clk 0:01:52] } Rxe2+ { [%clk
0:07:39] } 27. f4 { [%clk 0:01:22] } Bxf4# { [%clk 0:07:34] } 0-1

[Event "Королевский Гамбит. Южный Федеральный округ."]
[Date "2025-11-21"]
[Round "3.11"]
[Board "11"]
[White "Херкунов Яромир"]
[WhiteElo "1029"]
[Black "Тенгелиди Максим"]
[BlackElo "1020"]
[WebSite "https://www.chessopen.ru"]
[GameId "c7ade8f6-f67b-4643-9506-8a392740b58a"]
[Result "1-0"]

1. d4 { [%clk 0:09:51] } d5 { [%clk 0:10:01] } 2. Bf4 { [%clk 0:09:49] } Nc6 {
[%clk 0:10:00] } 3. Nf3 { [%clk 0:09:49] } Nf6 { [%clk 0:09:57] } 4. e3 { [%clk
0:09:49] } Bf5 { [%clk 0:09:57] } 5. c3 { [%clk 0:09:46] } e6 { [%clk 0:09:56]
} 6. h3 { [%clk 0:09:44] } a6 { [%clk 0:09:54] } 7. Nbd2 { [%clk 0:09:45] } Bd6
{ [%clk 0:09:56] } 8. Ne5 { [%clk 0:09:45] } Bxe5 { [%clk 0:09:29] } 9. Bxe5 {
[%clk 0:09:45] } Nxe5 { [%clk 0:09:25] } 10. dxe5 { [%clk 0:09:44] } Nd7 {
[%clk 0:09:26] } 11. f4 { [%clk 0:09:44] } f6 { [%clk 0:09:23] } 12. g4 { [%clk
0:09:37] } Bg6 { [%clk 0:09:05] } 13. exf6 { [%clk 0:09:29] } Nxf6 { [%clk
0:09:02] } 14. Bg2 { [%clk 0:09:29] } Ne4 { [%clk 0:08:36] } 15. Nxe4 { [%clk
0:09:16] } Bxe4 { [%clk 0:08:38] } 16. Bxe4 { [%clk 0:09:16] } dxe4 { [%clk
0:08:41] } 17. Qa4+ { [%clk 0:09:17] } c6 { [%clk 0:08:34] } 18. Qxe4 { [%clk
0:09:16] } Qd6 { [%clk 0:08:17] } 19. Rd1 { [%clk 0:09:14] } Qe7 { [%clk
0:08:14] } 20. Kf2 { [%clk 0:08:49] } O-O { [%clk 0:07:42] } 21. Kg3 { [%clk
0:08:44] } Rad8 { [%clk 0:07:35] } 22. Rd4 { [%clk 0:08:09] } Qf7 { [%clk
0:07:23] } 23. Rhd1 { [%clk 0:08:03] } Rxd4 { [%clk 0:07:08] } 24. exd4 { [%clk
0:07:56] } g5 { [%clk 0:06:41] } 25. Rf1 { [%clk 0:07:42] } h6 { [%clk 0:06:06]
} 26. Rf3 { [%clk 0:07:40] } Kg7 { [%clk 0:05:58] } 27. Qe5+ { [%clk 0:06:58] }
Kg8 { [%clk 0:05:25] } 28. f5 { [%clk 0:06:02] } exf5 { [%clk 0:05:02] } 29.
Rxf5 { [%clk 0:06:01] } Qxa2 { [%clk 0:04:30] } 30. Rxf8+ { [%clk 0:05:37] }
Kxf8 { [%clk 0:04:31] } 31. Qb8+ { [%clk 0:05:38] } Kg7 { [%clk 0:04:22] } 32.
Qxb7+ { [%clk 0:05:41] } Kg8 { [%clk 0:04:15] } 33. Qxc6 { [%clk 0:04:58] }
Qxb2 { [%clk 0:04:14] } 34. Qg6+ { [%clk 0:04:57] } Kf8 { [%clk 0:04:12] } 35.
Qxh6+ { [%clk 0:04:50] } Ke8 { [%clk 0:04:13] } 36. Qe6+ { [%clk 0:04:49] } Kf8
{ [%clk 0:04:13] } 37. Qf6+ { [%clk 0:04:49] } Ke8 { [%clk 0:04:15] } 38. Qc6+
{ [%clk 0:04:49] } Kf8 { [%clk 0:04:13] } 39. Qf6+ { [%clk 0:04:35] } Ke8 {
[%clk 0:04:14] } 40. Qe6+ { [%clk 0:04:31] } Kf8 { [%clk 0:04:16] } 41. Qf5+ {
[%clk 0:04:31] } Ke8 { [%clk 0:04:17] } 42. Qe5+ { [%clk 0:04:26] } Kf8 { [%clk
0:04:18] } 43. d5 { [%clk 0:03:58] } a5 { [%clk 0:04:05] } 44. d6 { [%clk
0:03:58] } Qb8 { [%clk 0:03:49] } 45. Qf6+ { [%clk 0:03:51] } Kg8 { [%clk
0:03:48] } 46. Qxg5+ { [%clk 0:03:51] } Kh8 { [%clk 0:03:46] } 47. Qf6+ { [%clk
0:03:50] } Kg8 { [%clk 0:03:47] } 48. Kh4 { [%clk 0:03:48] } Qe8 { [%clk
0:03:34] } 49. Qg5+ { [%clk 0:03:10] } Kf8 { [%clk 0:03:21] } 50. Qf5+ { [%clk
0:03:06] } Kg8 { [%clk 0:03:19] } 51. Qxa5 { [%clk 0:02:58] } Qe1+ { [%clk
0:03:01] } 52. Kg5 { [%clk 0:02:46] } Qe3+ { [%clk 0:02:58] } 53. Kf5 { [%clk
0:02:03] } Qf3+ { [%clk 0:02:50] } 54. Kg6 { [%clk 0:01:42] } Qf7+ { [%clk
0:02:44] } 55. Kg5 { [%clk 0:01:39] } Qg7+ { [%clk 0:02:35] } 56. Kh4 { [%clk
0:01:37] } Qh8+ { [%clk 0:02:20] } 57. Qh5 { [%clk 0:01:36] } Qxc3 { [%clk
0:02:12] } 58. Qg6+ { [%clk 0:01:21] } Kf8 { [%clk 0:02:02] } 59. Qf5+ { [%clk
0:01:20] } Kg8 { [%clk 0:01:53] } 60. Qe6+ { [%clk 0:01:20] } Kh8 { [%clk
0:01:41] } 61. d7 { [%clk 0:01:18] } Qd2 { [%clk 0:00:58] } 62. Qe8+ { [%clk
0:01:11] } Kh7 { [%clk 0:00:56] } 63. Qe7+ { [%clk 0:01:09] } Kg6 { [%clk
0:00:51] } 64. Qe8+ { [%clk 0:00:49] } Kh6 { [%clk 0:00:30] } 65. Qh5+ { [%clk
0:00:50] } Kg7 { [%clk 0:00:31] } 66. Qg5+ { [%clk 0:00:50] } Qxg5+ { [%clk
0:00:26] } 67. Kxg5 { [%clk 0:00:51] } Kf7 { [%clk 0:00:27] } 68. d8=Q { [%clk
0:00:49] } Ke6 { [%clk 0:00:28] } 69. Qd4 { [%clk 0:00:48] } Kf7 { [%clk
0:00:29] } 70. Qe5 { [%clk 0:00:47] } Kf8 { [%clk 0:00:28] } 71. Kg6 { [%clk
0:00:45] } 1-0

[Event "Королевский Гамбит. Южный Федеральный округ."]
[Date "2025-11-21"]
[Round "3.11"]
[Board "11"]
[White "Чурбанов Максим"]
[WhiteElo "1010"]
[Black "Шубин Денис"]
[BlackElo "1000"]
[WebSite "https://www.chessopen.ru"]
[GameId "1ca4296a-e833-4477-9080-b46ce8ac8f5a"]
[Result "1-0"]

1. d4 { [%clk 0:10:01] } c6 { [%clk 0:10:01] } 2. c3 { [%clk 0:10:01] } f5 {
[%clk 0:09:47] } 3. f3 { [%clk 0:09:45] } e6 { [%clk 0:09:50] } 4. g4 { [%clk
0:09:45] } Nf6 { [%clk 0:09:42] } 5. gxf5 { [%clk 0:09:41] } exf5 { [%clk
0:09:33] } 6. Bg5 { [%clk 0:09:31] } Be7 { [%clk 0:09:22] } 7. Bxf6 { [%clk
0:09:19] } Bxf6 { [%clk 0:09:23] } 8. e4 { [%clk 0:09:10] } O-O { [%clk
0:09:13] } 9. Bc4+ { [%clk 0:08:58] } d5 { [%clk 0:09:07] } 10. exd5 { [%clk
0:08:57] } cxd5 { [%clk 0:08:51] } 11. Bd3 { [%clk 0:08:43] } Rf7 { [%clk
0:08:49] } 12. Qc2 { [%clk 0:08:28] } Re7+ { [%clk 0:08:51] } 13. Ne2 { [%clk
0:08:21] } Bh4+ { [%clk 0:08:44] } 14. Kd1 { [%clk 0:08:12] } Nc6 { [%clk
0:08:29] } 15. Bxf5 { [%clk 0:08:02] } Nxd4 { [%clk 0:08:07] } 16. cxd4 { [%clk
0:07:56] } Bd7 { [%clk 0:07:47] } 17. Bxh7+ { [%clk 0:07:53] } Kh8 { [%clk
0:07:36] } 18. Rg1 { [%clk 0:07:35] } Re8 { [%clk 0:07:22] } 19. Bg6 { [%clk
0:07:05] } Re6 { [%clk 0:07:13] } 20. Nf4 { [%clk 0:06:39] } Rc6 { [%clk
0:06:49] } 21. Nc3 { [%clk 0:06:25] } Rac8 { [%clk 0:06:35] } 22. Nfxd5 { [%clk
0:06:00] } Be6 { [%clk 0:05:26] } 23. Qe4 { [%clk 0:05:37] } Bxd5 { [%clk
0:05:20] } 24. Qxd5 { [%clk 0:05:25] } Qf8 { [%clk 0:04:45] } 25. Qh5+ { [%clk
0:05:16] } Kg8 { [%clk 0:04:30] } 26. Qh7# { [%clk 0:05:02] } 1-0

[Event "Королевский Гамбит. Южный Федеральный округ."]
[Date "2025-11-21"]
[Round "3.12"]
[Board "12"]
[White "Воронина Полина"]
[WhiteElo "1001"]
[Black "Тимошевская Анна"]
[BlackElo "980"]
[WebSite "https://www.chessopen.ru"]
[GameId "2a7c3f06-f167-478b-adcc-a3f19d264a37"]
[Result "1-0"]

1. e4 { [%clk 0:09:59] } c5 { [%clk 0:10:02] } 2. d3 { [%clk 0:09:56] } d6 {
[%clk 0:10:05] } 3. f4 { [%clk 0:09:53] } b5 { [%clk 0:10:07] } 4. Nc3 { [%clk
0:09:47] } Nc6 { [%clk 0:10:10] } 5. f5 { [%clk 0:09:37] } g6 { [%clk 0:10:13]
} 6. fxg6 { [%clk 0:09:39] } hxg6 { [%clk 0:10:14] } 7. Nxb5 { [%clk 0:09:29] }
Bh6 { [%clk 0:10:17] } 8. c4 { [%clk 0:09:19] } Be6 { [%clk 0:10:03] } 9. a4 {
[%clk 0:09:06] } a6 { [%clk 0:09:37] } 10. g4 { [%clk 0:08:58] } axb5 { [%clk
0:09:32] } 11. cxb5 { [%clk 0:08:55] } Bxg4 { [%clk 0:09:15] } 12. h4 { [%clk
0:08:52] } g5 { [%clk 0:09:15] } 13. hxg5 { [%clk 0:08:53] } Bxg5 { [%clk
0:09:16] } 14. Rh7 { [%clk 0:08:48] } Rxh7 { [%clk 0:09:13] } 15. Bxg5 { [%clk
0:08:39] } Rh2 { [%clk 0:09:16] } 16. bxc6 { [%clk 0:08:37] } Bxd1 { [%clk
0:09:17] } 17. Kxd1 { [%clk 0:08:37] } Rb8 { [%clk 0:09:01] } 18. Nf3 { [%clk
0:08:29] } f6 { [%clk 0:09:03] } 19. Nxh2 { [%clk 0:08:18] } fxg5 { [%clk
0:09:04] } 20. Be2 { [%clk 0:07:59] } Rxb2 { [%clk 0:08:51] } 21. a5 { [%clk
0:07:40] } Rxe2 { [%clk 0:08:38] } 22. Kxe2 { [%clk 0:07:36] } Nf6 { [%clk
0:08:29] } 23. a6 { [%clk 0:07:31] } Nxe4 { [%clk 0:08:32] } 24. dxe4 { [%clk
0:07:31] } e5 { [%clk 0:08:30] } 25. a7 { [%clk 0:07:25] } c4 { [%clk 0:08:17]
} 26. a8=Q { [%clk 0:07:14] } Qxa8 { [%clk 0:08:11] } 27. Rxa8+ { [%clk
0:07:08] } Kf7 { [%clk 0:08:08] } 28. c7 { [%clk 0:07:04] } c3 { [%clk 0:08:02]
} 29. c8=Q { [%clk 0:07:03] } c2 { [%clk 0:08:01] } 30. Qxc2 { [%clk 0:07:03] }
Kg7 { [%clk 0:07:51] } 31. Qc7+ { [%clk 0:06:59] } Kh6 { [%clk 0:07:52] } 32.
Ra7 { [%clk 0:06:41] } Kh5 { [%clk 0:07:50] } 33. Qh7# { [%clk 0:06:38] } 1-0

[Event "Королевский Гамбит. Южный Федеральный округ."]
[Date "2025-11-21"]
[Round "3.12"]
[Board "12"]
[White "Гринь Мария"]
[WhiteElo "999"]
[Black "Брига Арина"]
[BlackElo "979"]
[WebSite "https://www.chessopen.ru"]
[GameId "53b4ebe1-30e8-4287-9af0-ae1b19199768"]
[Result "0-1"]

1. d4 { [%clk 0:09:50] } c5 { [%clk 0:10:02] } 2. dxc5 { [%clk 0:09:46] } e6 {
[%clk 0:10:02] } 3. e4 { [%clk 0:09:45] } Bxc5 { [%clk 0:10:00] } 4. Nd2 {
[%clk 0:09:35] } Nc6 { [%clk 0:09:42] } 5. b3 { [%clk 0:09:20] } Nge7 { [%clk
0:09:40] } 6. Qh5 { [%clk 0:09:08] } d5 { [%clk 0:09:30] } 7. e5 { [%clk
0:08:58] } O-O { [%clk 0:09:17] } 8. Nb1 { [%clk 0:08:39] } Ng6 { [%clk
0:09:04] } 9. Nc3 { [%clk 0:08:22] } Ncxe5 { [%clk 0:09:03] } 10. Bf4 { [%clk
0:07:51] } Bd4 { [%clk 0:08:55] } 11. Bg5 { [%clk 0:07:29] } Bxc3+ { [%clk
0:08:38] } 12. Kd1 { [%clk 0:07:09] } Qa5 { [%clk 0:08:33] } 13. a3 { [%clk
0:06:40] } Bxa1 { [%clk 0:08:24] } 14. Bd2 { [%clk 0:06:07] } Qxa3 { [%clk
0:07:54] } 15. Nh3 { [%clk 0:05:30] } Bd4 { [%clk 0:07:10] } 16. f4 { [%clk
0:04:57] } Qa1+ { [%clk 0:07:05] } 17. Ke2 { [%clk 0:04:54] } Qa6+ { [%clk
0:06:02] } 18. Kd1 { [%clk 0:04:42] } Qd6 { [%clk 0:05:56] } 19. Ng5 { [%clk
0:04:11] } h6 { [%clk 0:05:45] } 20. Nf3 { [%clk 0:03:44] } Nxf3 { [%clk
0:05:40] } 21. gxf3 { [%clk 0:03:37] } Nxf4 { [%clk 0:05:26] } 22. Bxf4 { [%clk
0:02:41] } Qxf4 { [%clk 0:05:23] } 23. Rg1 { [%clk 0:02:23] } Bxg1 { [%clk
0:05:20] } 24. Ke2 { [%clk 0:01:35] } Qe3+ { [%clk 0:05:14] } 25. Kd1 { [%clk
0:01:21] } e5 { [%clk 0:05:02] } 26. Qg4 { [%clk 0:00:40] } Bxg4 { [%clk
0:04:57] } 27. fxg4 { [%clk 0:00:37] } Qd4+ { [%clk 0:04:49] } 28. Kc1 { [%clk
0:00:26] } Be3+ { [%clk 0:04:46] } 29. Kb1 { [%clk 0:00:12] } Rac8 { [%clk
0:04:44] } 30. Ka2 { [%clk 0:00:09] } Rxc2+ { [%clk 0:04:38] } 0-1

[Event "Королевский Гамбит. Южный Федеральный округ."]
[Date "2025-11-21"]
[Round "3.12"]
[Board "12"]
[White "Замшина Арина"]
[WhiteElo "1020"]
[Black "Панова Виктория"]
[BlackElo "963"]
[WebSite "https://www.chessopen.ru"]
[GameId "2572cff0-9c21-4dc2-ad5e-c17e3cef2381"]
[Result "1-0"]

1. e4 { [%clk 0:09:59] } Nc6 { [%clk 0:09:57] } 2. Qh5 { [%clk 0:09:49] } h6 {
[%clk 0:09:47] } 3. Nf3 { [%clk 0:09:45] } Nf6 { [%clk 0:09:42] } 4. Qb5 {
[%clk 0:09:37] } Nxe4 { [%clk 0:09:38] } 5. Nc3 { [%clk 0:09:30] } Nxc3 { [%clk
0:09:34] } 6. dxc3 { [%clk 0:09:27] } d6 { [%clk 0:09:30] } 7. Qb3 { [%clk
0:09:22] } e5 { [%clk 0:09:22] } 8. Bc4 { [%clk 0:09:13] } Qe7 { [%clk 0:09:17]
} 9. O-O { [%clk 0:09:07] } Na5 { [%clk 0:09:14] } 10. Qa4+ { [%clk 0:09:03] }
Nc6 { [%clk 0:09:14] } 11. Bd5 { [%clk 0:08:56] } Bd7 { [%clk 0:09:11] } 12.
Qc4 { [%clk 0:08:50] } Rc8 { [%clk 0:08:51] } 13. Be3 { [%clk 0:08:37] } Na5 {
[%clk 0:08:40] } 14. Qd3 { [%clk 0:08:30] } b6 { [%clk 0:08:29] } 15. Be4 {
[%clk 0:08:18] } c5 { [%clk 0:08:22] } 16. Rfd1 { [%clk 0:08:05] } Nc6 { [%clk
0:08:18] } 17. b3 { [%clk 0:07:59] } Bg4 { [%clk 0:07:58] } 18. Rab1 { [%clk
0:07:52] } Qd8 { [%clk 0:07:42] } 19. Rd2 { [%clk 0:07:47] } Be7 { [%clk
0:07:39] } 20. b4 { [%clk 0:07:43] } O-O { [%clk 0:07:24] } 21. bxc5 { [%clk
0:07:38] } dxc5 { [%clk 0:07:22] } 22. Bxc6 { [%clk 0:07:18] } Rxc6 { [%clk
0:07:00] } 23. Qxd8 { [%clk 0:07:11] } Bxd8 { [%clk 0:06:53] } 24. Nxe5 { [%clk
0:07:05] } Rg6 { [%clk 0:06:46] } 25. Nxg6 { [%clk 0:07:00] } fxg6 { [%clk
0:06:46] } 26. h3 { [%clk 0:06:56] } Bf5 { [%clk 0:06:43] } 27. g4 { [%clk
0:06:22] } Be4 { [%clk 0:06:39] } 28. f4 { [%clk 0:06:17] } Re8 { [%clk
0:06:11] } 29. c4 { [%clk 0:06:12] } Bxc2 { [%clk 0:06:01] } 30. Re1 { [%clk
0:06:06] } Ba4 { [%clk 0:05:53] } 31. Bf2 { [%clk 0:05:56] } Rf8 { [%clk
0:05:34] } 32. Bg3 { [%clk 0:05:51] } Bc7 { [%clk 0:05:28] } 33. Re7 { [%clk
0:05:45] } Rf7 { [%clk 0:05:16] } 34. Rxf7 { [%clk 0:05:37] } Kxf7 { [%clk
0:05:15] } 35. Kf2 { [%clk 0:05:33] } Bc6 { [%clk 0:05:04] } 36. f5 { [%clk
0:05:21] } Bxg3+ { [%clk 0:04:34] } 37. Kxg3 { [%clk 0:05:13] } gxf5 { [%clk
0:03:57] } 38. gxf5 { [%clk 0:05:06] } Be4 { [%clk 0:03:45] } 39. Kf4 { [%clk
0:04:56] } Bb1 { [%clk 0:03:40] } 40. Ke5 { [%clk 0:04:50] } a6 { [%clk
0:03:34] } 41. a3 { [%clk 0:04:46] } b5 { [%clk 0:03:24] } 42. Rd7+ { [%clk
0:04:38] } Kg8 { [%clk 0:03:21] } 43. Rc7 { [%clk 0:04:34] } b4 { [%clk
0:03:05] } 44. axb4 { [%clk 0:04:30] } cxb4 { [%clk 0:03:05] } 45. Rb7 { [%clk
0:04:26] } a5 { [%clk 0:03:03] } 46. c5 { [%clk 0:04:23] } Bd3 { [%clk 0:02:53]
} 47. c6 { [%clk 0:04:17] } Ba6 { [%clk 0:02:50] } 48. Rb6 { [%clk 0:04:12] }
Bc8 { [%clk 0:02:39] } 49. Rb8 { [%clk 0:04:02] } b3 { [%clk 0:02:30] } 50.
Rxc8+ { [%clk 0:03:58] } Kh7 { [%clk 0:02:23] } 51. Rb8 { [%clk 0:03:55] } a4 {
[%clk 0:02:22] } 52. c7 { [%clk 0:03:51] } h5 { [%clk 0:02:13] } 53. c8=Q {
[%clk 0:03:46] } g6 { [%clk 0:01:57] } 54. Qh8# { [%clk 0:03:42] } 1-0